MyGZULibrary

Managing technology in the hospitality industry / (Record no. 6465)

MARC details
000 -LEADER
fixed length control field 01630cam a2200337 a 4500
001 - CONTROL NUMBER
control field 16702579
003 - CONTROL NUMBER IDENTIFIER
control field GZU
005 - DATE AND TIME OF LATEST TRANSACTION
control field 20210423100544.0
008 - FIXED-LENGTH DATA ELEMENTS--GENERAL INFORMATION
fixed length control field 110322s2011 miua 001 0 eng
010 ## - LIBRARY OF CONGRESS CONTROL NUMBER
LC control number 2011288024
020 ## - INTERNATIONAL STANDARD BOOK NUMBER
International Standard Book Number 9780866123570
020 ## - INTERNATIONAL STANDARD BOOK NUMBER
International Standard Book Number 9780866123945
040 ## - CATALOGING SOURCE
Original cataloging agency DLC
Transcribing agency DLC
042 ## - AUTHENTICATION CODE
Authentication code pcc
050 00 - LIBRARY OF CONGRESS CALL NUMBER
Classification number TX911.3.E4
Item number KAS 2011
100 1# - MAIN ENTRY--PERSONAL NAME
Personal name Kasavana, Michael L.,
Dates associated with a name 1947-
Relator term author
245 10 - TITLE STATEMENT
Title Managing technology in the hospitality industry /
Statement of responsibility, etc. Michael L. Kasavana, John J. Cahill.
250 ## - EDITION STATEMENT
Edition statement 6th ed.
260 ## - PUBLICATION, DISTRIBUTION, ETC.
Place of publication, distribution, etc. Lansing, Mich. :
Name of publisher, distributor, etc. American Hotel & Lodging Association, Education Institute,
Date of publication, distribution, etc. c2011.
300 ## - PHYSICAL DESCRIPTION
Extent xiii, 336 p. :
Other physical details ill. ;
Dimensions 23 cm.
500 ## - GENERAL NOTE
General note Includes references to Internet sites.
500 ## - GENERAL NOTE
General note "468.6"--Spine.
500 ## - GENERAL NOTE
General note Includes index.
500 ## - GENERAL NOTE
General note Orig. publ. in 1987 as: Managing computers in the hospitality industry.
505 0# - FORMATTED CONTENTS NOTE
Formatted contents note Hospitality technology systems -- Hospitality technology components -- Reservation systems -- Rooms management and guest accounting applications -- Property management system interfaces -- Point-of-sale technology -- Food and beverage management applications -- Sales and catering applications -- Accounting applications -- Information management -- System selection -- Systems and security maintenance.
650 #0 - SUBJECT ADDED ENTRY--TOPICAL TERM
Topical term or geographic name entry element Hospitality industry
General subdivision Data processing.
700 1# - ADDED ENTRY--PERSONAL NAME
Personal name Kasavana, Michael L.,
Dates associated with a name 1947-
Title of a work Managing computers in the hospitality industry.
906 ## - LOCAL DATA ELEMENT F, LDF (RLIN)
a 7
b cbc
c origcop
d 2
e ncip
f 20
g y-gencatlg
942 ## - ADDED ENTRY ELEMENTS (KOHA)
Source of classification or shelving scheme Library of Congress Classification
Koha item type Books
Edition 6th edition
Classification part 911.3.E4
Item part KAS
Call number prefix TX
Holdings
Withdrawn status Lost status Source of classification or shelving scheme Damaged status Not for loan Collection code Home library Current library Shelving location Date acquired Total Checkouts Full call number Barcode Date last seen Date last checked out Copy number Price effective from Koha item type
    Library of Congress Classification     Non-fiction Tourism and Hospitality Resource Centre City Campus Library General Stacks 04/23/2021 1 TX911.3.E4 KAS 2011 025225 09/11/2025 09/04/2025 c. 1 04/23/2021 Books